000
00213nam a2200085Ia 4500
008
120527s9999 xx 000 0 und d
100
_a
Horne Van.James
245
_a
Foundations for financial managements
942
_c
BK
999
_c
27263
_d
27263